Diccionario del comercio exterior (Registro nro. 367)
[ vista simple ]
| 000 -LEADER | |
|---|---|
| fixed length control field | 01057 a2200229 4500 |
| 001 - CONTROL NUMBER | |
| control field | 3833 |
| 005 - DATE AND TIME OF LATEST TRANSACTION | |
| control field | 20260407155430.0 |
| 008 - FIXED-LENGTH DATA ELEMENTS--GENERAL INFORMATION | |
| fixed length control field | 260407a1991 arg spa d |
| 003 - CONTROL NUMBER IDENTIFIER | |
| control field | AR-UNSa-BCEJYS |
| 040 ## - CATALOGING SOURCE | |
| Original cataloging agency | AR-UNSa-BCEJYS |
| Language of cataloging | spa |
| Transcribing agency | AR-UNSa-BCEJYS |
| 080 ## - UNIVERSAL DECIMAL CLASSIFICATION NUMBER | |
| Universal Decimal Classification number | (038)339.5 |
| Common auxiliary subdivision | Diccionario de Comercio Internacional |
| 020 ## - INTERNATIONAL STANDARD BOOK NUMBER | |
| International Standard Book Number | 950-14-0575-3 |
| 100 1# - MAIN ENTRY--PERSONAL NAME | |
| Personal name | Budic, Domingo Valentín |
| 245 10 - TITLE STATEMENT | |
| Title | Diccionario del comercio exterior |
| Number of part/section of a work | Dictionary of foreign trade |
| 250 ## - EDITION STATEMENT | |
| Edition statement | 3a. ed. |
| 264 #1 - PRODUCTION, PUBLICATION, DISTRIBUTION, MANUFACTURE, AND COPYRIGHT NOTICE | |
| Place of production, publication, distribution, manufacture | Buenos Aires : |
| Name of producer, publisher, distributor, manufacturer | Depalma |
| Date of production, publication, distribution, manufacture, or copyright notice | 1991 |
| 300 ## - PHYSICAL DESCRIPTION | |
| Extent | xii, 328 p. |
| Dimensions | 23 cm. |
| 520 ## - SUMMARY, ETC. | |
| Summary, etc. | Terminología económica, comercial, aduanera, marìtima, financiera, bancaria, jurídica, écnica y operativa utilizada en el comercio exterior. Organismos internacionales que cooperan en diferentes áreas del comercio internacional. Terminología bilingue:español e ingles |
| 590 ## - LOCAL NOTE (RLIN) | |
| Local note | niveau_biblio:m niveau_hierar:0 |
| 856 41 - ELECTRONIC LOCATION AND ACCESS | |
| Uniform Resource Identifier | <a href="https://t3.gstatic.com/images?q=tbn:ANd9GcR6CuX_8YEDVxUsYbXpuJW7x7o25_z8xzoD3LG-SBclr1tuGBFYKPPLJMs">https://t3.gstatic.com/images?q=tbn:ANd9GcR6CuX_8YEDVxUsYbXpuJW7x7o25_z8xzoD3LG-SBclr1tuGBFYKPPLJMs</a> |
| Link text | Imagen de portada |
| Electronic format type | image/jpeg |
| 942 ## - ADDED ENTRY ELEMENTS (KOHA) | |
| Koha item type | |
| Withdrawn status | Lost status | Damaged status | Not for loan | Home library | Current library | Shelving location | Date acquired | Total checkouts | Full call number | Barcode | Date last seen | Price effective from | Koha item type |
|---|---|---|---|---|---|---|---|---|---|---|---|---|---|
| Biblioteca Prof. Eusebio Cleto del Rey | Biblioteca Prof. Eusebio Cleto del Rey | 07/04/2026 | R(038)339.5 B927 | L53823 | 07/04/2026 | 07/04/2026 | Libro |